Why do birds have feathers? : and other questions ... Read More
Available copies
- 2 of 2 copies available at LARL/NWRL Consortium.
- 2 of 2 copies available at Lake Agassiz Regional Library. (Show preferred library)
Current holds
0 current holds with 2 total copies.
Show Only Available Copies
| Location | Call Number / Copy Notes | Barcode | Shelving Location | Status | Due Date |
|---|---|---|---|---|---|
| Bagley Public Library | J 598.147 JAC (Text) | 33500012653903 | Main | Available | - |
| Moorhead Public Library | J 598.147 JAC (Text) | 33500012653895 | Main | Available | - |
Record details
- ISBN: 9781499432053
- ISBN: 1499432054
- ISBN: 9781499432374
- ISBN: 1499432372
- ISBN: 9781508153344
- ISBN: 1508153345
- Physical Description: 32 pages : color illustrations ; 29 cm.
- Publisher: New York : PowerKids Press, 2017.
Content descriptions
| General Note: | Includes index. |
| Formatted Contents Note: | What is a bird? -- Classification of birds -- ... Read More |
| Summary, etc.: | Discusses the evolution and adaptations of birds. |
Search for related items by subject
| Subject: | Birds > Juvenile literature. Animals > Adaptation > Juvenile literature. Birds. Animals > Adaptation Animals > Adaptation Birds. Birds > Evolution. Feathers. Birds. |
| Genre: | Juvenile works. |
Search for related items by series
| LDR | 02345cam a2200577Ii 4500 | ||
|---|---|---|---|
| 001 | 280864 | ||
| 003 | LARL_NWRL_CONSORTIUM | ||
| 005 | 20180309213236.0 | ||
| 008 | 160822s2017 nyua j 001 0 eng d | ||
| 040 | . | ‡aYDX ‡beng ‡cYDX ‡dBDX ‡dOCLCQ ‡dSRB ‡dGO8 ‡dOCLCO ‡dQBX ‡dOCLCF ‡dCHILD ‡dOJ4 | |
| 019 | . | ‡a956691343 | |
| 020 | . | ‡a9781499432053 | |
| 020 | . | ‡a1499432054 | |
| 020 | . | ‡a9781499432374 ‡q(library binding) | |
| 020 | . | ‡a1499432372 ‡q(library binding) | |
| 020 | . | ‡a9781508153344 | |
| 020 | . | ‡a1508153345 | |
| 035 | . | ‡a(OCoLC)956968337 ‡z(OCoLC)956691343 | |
| 082 | 0 | 4. | ‡a598.147 ‡223 |
| 090 | . | ‡aQL697.4 ‡bJ33 2017 | |
| 100 | 1 | . | ‡aJacobs, Pat, ‡eauthor. |
| 245 | 1 | 0. | ‡aWhy do birds have feathers? : ‡band other questions about evolution and classification / ‡cPat Jacobs. |
| 264 | 1. | ‡aNew York : ‡bPowerKids Press, ‡c2017. | |
| 300 | . | ‡a32 pages : ‡bcolor illustrations ; ‡c29 cm. | |
| 336 | . | ‡atext ‡btxt ‡2rdacontent | |
| 337 | . | ‡aunmediated ‡bn ‡2rdamedia | |
| 338 | . | ‡avolume ‡bnc ‡2rdacarrier | |
| 490 | 0 | . | ‡aWildlife wonders |
| 500 | . | ‡aIncludes index. | |
| 505 | 0 | . | ‡aWhat is a bird? -- Classification of birds -- Evolution of flight -- Why do birds have feathers? -- Flightless birds -- Mating and nesting -- Raising a family -- Specialized beaks -- Hunting and fishing -- Distinctive design -- MIgration -- Senses and intelligence -- The future for birds -- Brilliant birds. |
| 520 | . | ‡aDiscusses the evolution and adaptations of birds. | |
| 650 | 0. | ‡aBirds ‡vJuvenile literature. ‡0(LARL_NWRL_CONSORTIUM)163669 | |
| 650 | 0. | ‡aAnimals ‡xAdaptation ‡vJuvenile literature. | |
| 650 | 1. | ‡aBirds. ‡0(LARL_NWRL_CONSORTIUM)175894 | |
| 650 | 1. | ‡aAnimals ‡xAdaptation ‡0(LARL_NWRL_CONSORTIUM)38820 | |
| 650 | 7. | ‡2fast ‡aAnimals ‡xAdaptation ‡0(LARL_NWRL_CONSORTIUM)38820 | |
| 650 | 7. | ‡aBirds. ‡2fast ‡0(LARL_NWRL_CONSORTIUM)175894 | |
| 650 | 7. | ‡aBirds ‡xEvolution. ‡2sears ‡0(LARL_NWRL_CONSORTIUM)15042 | |
| 650 | 7. | ‡aFeathers. ‡2sears ‡0(LARL_NWRL_CONSORTIUM)20058 | |
| 650 | 7. | ‡aBirds. ‡2sears ‡0(LARL_NWRL_CONSORTIUM)175894 | |
| 655 | 7. | ‡aJuvenile works. ‡2fast | |
| 901 | . | ‡a280864 ‡b ‡c280864 ‡tbiblio | |

Add to basket
Permalink
Enable Highlighting